| 000 | 00885nam a2200253Ia 4500 | ||
|---|---|---|---|
| 003 | OSt | ||
| 005 | 20221005103331.0 | ||
| 006 | a|||||r|||| 00| 0 | ||
| 007 | ta | ||
| 008 | 221004b |||||||| |||| 00| 0 hin d | ||
| 024 | _a31845 | ||
| 037 | _cTextual | ||
| 040 |
_aCRL _cCRL _bhin |
||
| 041 |
_2hin _ahin |
||
| 082 | _aO152,5:g, M7 | ||
| 100 | _aराजगुरु, गोविन्दनाथ | ||
| 245 | 0 | _aपाठालोचन के सिद्धांत | |
| 246 | _aPāṭhālochan ke siddhāanta | ||
| 260 |
_aचण्डीगढ़ _bहरियाणा साहित्य अकादमी भारत _c1987 |
||
| 300 |
_a302पृ. _ccm. |
||
| 650 | _aहिन्दी साहित्य | ||
| 942 |
_hO152,5:g, M7 _cTEXL _2cc |
||
| 999 |
_c1009870 _d1009870 |
||